Dokumenty Evropské unie

Memorandum ČR k prijatiu do EÚ. Zasadanie Európskej rady v Madride. Priebežná správa o vplyve rozširovania o pridružené krajiny SVE na politiku EÚ v jednotlivých oblastiach, ktorú komisia predkladá Európskej rade (dokončenie).

Enregistré dans:
Détails bibliographiques
Format: Chapitre de livre
Langue:tchèque
Sujets:
Tags: Ajouter un tag
Pas de tags, Soyez le premier à ajouter un tag!

MARC

LEADER 00000naa a2200000 4500
001 r021568
005 20230925111259.9
041 0 |a cze 
044 |a CZ 
245 1 0 |a Dokumenty Evropské unie 
520 |a Memorandum ČR k prijatiu do EÚ. Zasadanie Európskej rady v Madride. Priebežná správa o vplyve rozširovania o pridružené krajiny SVE na politiku EÚ v jednotlivých oblastiach, ktorú komisia predkladá Európskej rade (dokončenie). 
610 2 0 |a Európska únia 
610 2 0 |a dokumenty